| 000 | 00760nam a2200253 i 4500 | ||
|---|---|---|---|
| 001 | bgj | ||
| 100 | 1 |
_aITULE, Bruce D. _d(1947- ). |
|
| 245 | 0 | 0 |
_aWorkbook for news writing and reporting for today's media / _cBruce D. Itule ; Douglas A. Anderson. |
| 250 | _a2nd ed. | ||
| 260 |
_aNew York [etc.] : _bMcGraw-Hill, _cc. 1991. |
||
| 300 |
_aXI, 260 pp : _bill. ; _c28 cm. |
||
| 504 | _aBibliography p. 259. | ||
| 650 | 9 | _aReporters and reporting | |
| 650 | 9 |
_aJournalism _xAuthorship |
|
| 650 | 9 |
_aMass media _xAuthorship |
|
| 650 | 9 | _aReport writing | |
| 700 | 1 |
_aDOUGLAS, A. Anderson. _eco-author |
|
| 020 | _a0070321531 | ||
| 040 | _cBPK | ||
| 041 | 0 | _aeng | |
| 920 | _a0-07-032153-1 | ||
| 942 | _cKS | ||
| 008 | s uk f |000 0 eng | ||
| 999 |
_c47713 _d47713 |
||